Notes sur le lexique sino-tibétain de Touen-houang en écriture tibétaine

Elmentve itt :
Bibliográfiai részletek
Szerző: Ligeti Lajos
Dokumentumtípus: Cikk
Megjelent: 1968
Sorozat:Acta Orientalia Academiae Scientiarum Hungaricae;Acta Orientalia Academiae Scientiarum Hungaricae : a Magyar Tudományos Akadémia orientalisztikai közleményei
Kulcsszavak:Kínai-tibeti nyelvemlék - 9. sz. - Tun-huang, Tibeti nyelv - 9. sz. - szókészlettan, Kínai nyelv - 9. sz. - szókészlettan
Tárgyszavak:
Online Access:http://misc.bibl.u-szeged.hu/68505
LEADER 01047nab a2200241 i 4500
001 misc68505
005 20230124093152.0
008 220613s1968 hu o 0|| fre d
022 |a 0001-6446 
040 |a SZTE Miscellanea Repozitórium  |b hun 
041 |a fre 
100 1 |a Ligeti Lajos 
245 1 0 |a Notes sur le lexique sino-tibétain de Touen-houang en écriture tibétaine  |h [elektronikus dokumentum] /  |c  Ligeti Lajos 
260 |c 1968 
300 |a 265-288  |c 24 cm 
300 |a [24] p.  |c 24 cm 
490 0 |a Acta Orientalia Academiae Scientiarum Hungaricae;Acta Orientalia Academiae Scientiarum Hungaricae : a Magyar Tudományos Akadémia orientalisztikai közleményei 
561 |a Németh Gyula hagyaték 
591 |a LOT 2222;OT 3265 
650 4 |a Bölcsészettudományok 
650 4 |a Nyelvek és irodalom 
695 |a Kínai-tibeti nyelvemlék - 9. sz. - Tun-huang, Tibeti nyelv - 9. sz. - szókészlettan, Kínai nyelv - 9. sz. - szókészlettan 
856 4 0 |u http://misc.bibl.u-szeged.hu/68505/1/3265_ot_l66.pdf  |z Dokumentum-elérés